00338pab a2200121 454500008004000000100001900040245008500059260000900144300001300153362001200166650001700178773002100195180718b2011 xxu||||| |||| 00| 0 eng d aHegde, Sasheej aWhere politics and morals meet: Keeping faith with human rights (Review article) c2011 ap.55-82. aSep-Oct aHuman rights aSocial Scientist